| 000 | 00690nam a22001337a 4500 | ||
|---|---|---|---|
| 040 | _cRUA | ||
| 082 | _aVEM SIM 2015 B509 Or. | ||
| 100 | _aSIM SORN; ស៊ីម ស៊ាន់ | ||
| 245 | _aEffect of albendazole and lev amisole for anti gastrointestinal parasites of cattle at stoung district, kampong thom provvince; ប្រសិទ្ធភាពឱសថ ALBENDAZOLE និង LEVAMISOLE ក្នុងការទម្លាក់បរាសិតក្រពះពោះវៀនគោក្នុងស្រុកស្ទោង ខេត្តកំពង់ធំ | ||
| 260 |
_aRUA _bPhnom Penh _c2015 |
||
| 300 |
_ax;56p; _bill. _c29cm. |
||
| 856 | _uSIM SORN | ||
| 942 | _cVEM | ||
| 999 |
_c9292 _d9292 |
||